| 000 | 00545cam a2200205 4500 | ||
|---|---|---|---|
| 001 | B2959 | ||
| 008 | 090401t1990 xxu||||| |||| 00| 0 eng d | ||
| 035 | _a(Sirsi) u53196 | ||
| 041 | _aeng | ||
| 050 | _a333.337 | ||
| 110 |
_aVail Williams _92796 |
||
| 245 | 4 | _aThe occupier`s view: business space in the `90s | |
| 260 |
_aFareham _bVail Williams _c1990 |
||
| 300 | _a228p.,(20) leaves ; 30cm. | ||
| 350 | _a50 | ||
| 650 | _aBUILT ENVIRONMENT-CONSTRUCTION DESIGN | ||
| 650 | _aOCCUPIERS REQUIREMENTS | ||
| 942 | _n0 | ||
| 948 | _c04/03/1997 | ||
| 999 |
_c93234 _d93234 |
||